000 00984nam a22002537a 4500
005 20170124103016.0
010 _aA-388293
020 _c35.00
035 _aA-388293
037 _bCen Lib/Ret
040 _aDPL
_bHN
082 _a
_bआशापू
100 _aआशापूर्णा देवी
_958941
245 _aअभी तो उस दिन /
_cआशापूर्णा देवी
246 _aAbhi to us din /
_bby Ashapurna Devi
260 _aइलाहाबाद
_bरविन्द्र प्रकाशन
_c1983
270 _a1131, कटरा
_bइलाहाबाद
300 _a118पृ.
_c21सेमी (सजिल्द)
650 _a हिन्दी साहित्य
_958942
650 _a हिन्दी साहित्य -- उपन्यास
_946379
650 _aHindi literature
_958943
650 _aHindi literature -- Fiction
_958944
942 _2ddc
_cHN
_h
_mआशापू
999 _c114910
_d114910